The three trillion dollar war : (Record no. 15578)

000 -LEADER
fixed length control field 01672cam a2200325 a 4500
001 - CONTROL NUMBER
control field 15120724
005 - DATE AND TIME OF LATEST TRANSACTION
control field 20170105102921.0
008 - FIXED-LENGTH DATA ELEMENTS--GENERAL INFORMATION
fixed length control field 071221s2008 nyu b 001 0 eng
010 ## - LIBRARY OF CONGRESS CONTROL NUMBER
LC control number 2007051400
020 ## - INTERNATIONAL STANDARD BOOK NUMBER
International Standard Book Number 9781846141287(hardcover)
040 ## - CATALOGING SOURCE
Original cataloging agency DLC
Transcribing agency DLC
Modifying agency DLC
043 ## - GEOGRAPHIC AREA CODE
Geographic area code a-iq---
-- n-us---
050 00 - LIBRARY OF CONGRESS CALL NUMBER
Classification number DS79.76
Item number .S698 2008
082 00 - DEWEY DECIMAL CLASSIFICATION NUMBER
Classification number 956.7044/31
Edition number 22
100 1# - MAIN ENTRY--PERSONAL NAME
Personal name Stiglitz, Joseph E.
245 14 - TITLE STATEMENT
Title The three trillion dollar war :
Remainder of title the true cost of the Iraq conflict /
Statement of responsibility, etc. Joseph E. Stiglitz and Linda J. Bilmes.
250 ## - EDITION STATEMENT
Edition statement 1st ed.
260 ## - PUBLICATION, DISTRIBUTION, ETC.
Place of publication, distribution, etc. New York :
Name of publisher, distributor, etc. W.W. Norton,
Date of publication, distribution, etc. c2008.
300 ## - PHYSICAL DESCRIPTION
Extent xxiii, 311 p. ;
Dimensions 22 cm.
504 ## - BIBLIOGRAPHY, ETC. NOTE
Bibliography, etc. note Includes bibliographical references and index.
505 0# - FORMATTED CONTENTS NOTE
Formatted contents note Is it really three trillion? -- The costs to the nation's budget -- The true cost of caring for our veterans -- Costs of war that the government doesn't pay -- The macroeconomic effects of the war -- Global consequences -- Exiting Iraq -- Learning from our mistakes : reforms for the future -- Appendices: President's letter to the Speaker of the House of Representatives on the Emergency Appropriations Act -- Evolving DOD Web sites for Operation Iraqi Freedom -- On methodologies.
650 #0 - SUBJECT ADDED ENTRY--TOPICAL TERM
Topical term or geographic name entry element Iraq War, 2003-2011
General subdivision Finance
Geographic subdivision United States.
650 #0 - SUBJECT ADDED ENTRY--TOPICAL TERM
Topical term or geographic name entry element War
General subdivision Economic aspects
Geographic subdivision United States.
650 #0 - SUBJECT ADDED ENTRY--TOPICAL TERM
Topical term or geographic name entry element War
General subdivision Economic aspects
Geographic subdivision Iraq.
700 1# - ADDED ENTRY--PERSONAL NAME
Personal name Bilmes, Linda.
856 41 - ELECTRONIC LOCATION AND ACCESS
Materials specified Table of contents only
Uniform Resource Identifier <a href="http://www.loc.gov/catdir/toc/ecip087/2007051400.html">http://www.loc.gov/catdir/toc/ecip087/2007051400.html</a>
906 ## - LOCAL DATA ELEMENT F, LDF (RLIN)
a 7
b cbc
c orignew
d 1
e ecip
f 20
g y-gencatlg
942 ## - ADDED ENTRY ELEMENTS (KOHA)
Source of classification or shelving scheme
Koha item type Book
Holdings
Withdrawn status Lost status Damaged status Not for loan Collection code Permanent Location Current Location Shelving location Date acquired Total Checkouts Full call number Barcode Date last seen Price effective from Koha item type
          Centre for International Peace & Stability (CIPS) Centre for International Peace & Stability (CIPS) General Stacks 10/02/2013   956.704431 STI 2008 CIPS0001835 12/04/2013 12/04/2013 Book
© 2023 Central Library, National University of Sciences and Technology. All Rights Reserved.